Statistics for History Quiz: Odd One Out #1

Click here to take the quiz!

General Stats

  • This quiz has been taken 39 times
  • The average score is 5 of 15

Answer Stats

QuestionAnswer% Correct
Which of these people was not Carthaginian?Horace
58%
Which of these historical figures was not a Roman emperor?Draco
52%
Which of these cities has never been affected by a "Great Fire"?Miami
52%
Which of these Celtic tribes did not have territory in England?Caledonians
45%
Which of these rulers of ancient Egypt was of Egyptian descent?Sneferu
45%
Which of these people was not a samurai?Fujiwara no Takanobu
42%
Which of these people was not a relative of the other three?Mohandas Gandhi
30%
Which of these Sapa Inca was never a puppet ruler installed by the Spaniards?Huayna Capac
24%
Which of these deities did the Maya not worship?Ixtlilton
24%
Which of these monarchs did not rule over Norway?Olof Skötkonung
24%
Which of these Dutch East India Company sites was built on top of an existing settlement?Batavia
21%
Which of these kings did not rule over the Achaemenid Empire?Cyrus I
21%
Which of these battles did not take place during the Hundred Years' War?Battle of Les Avins
15%
Which of these did not take place in Australia?Brunner Mine disaster
15%
Which of these royals never became a monarch?Franz Karl Joseph
9%

Score Distribution

Percentile by Number Answered

Percent of People with Each Score

Your Score History

You have not taken this quiz